Možnosti využití finanční analýzy v rozhodovací činnosti ůčastníků kapitálového trhu

Akciová spoločnosť sa stáva subjektom kapitálového trhu, preto musí venovať pozornosť svojej finančnej situácii. Finančná analýza. Charakteristika jednotlivých ukazovateľov finančnej analýzy.

Na minha lista:
Detalhes bibliográficos
Autor principal: Guoth, J.
Formato: Capítulo de Livro
Idioma:tcheco
Assuntos:
Tags: Adicionar Tag
Sem tags, seja o primeiro a adicionar uma tag!

MARC

LEADER 00000naa a2200000 4500
001 r016636
005 20221213082903.7
041 0 |a cze 
044 |a CZ 
245 1 0 |a Možnosti využití finanční analýzy v rozhodovací činnosti ůčastníků kapitálového trhu  |c J. Guoth 
520 |a Akciová spoločnosť sa stáva subjektom kapitálového trhu, preto musí venovať pozornosť svojej finančnej situácii. Finančná analýza. Charakteristika jednotlivých ukazovateľov finančnej analýzy. 
610 2 0 |a analýza finančná 
610 2 0 |a rozhodovanie 
610 2 0 |a rozhodovanie podnikové 
610 2 0 |a trh kapitálový 
610 2 0 |a investície 
610 2 0 |a podnik 
610 2 0 |a likvidita 
100 1 |a Guoth, J.